000
00254nam a22001217a 4500
082
_a
621.31042 DRA'E
100
_a
DRAPH, A
_9
78092
245
_a
ELECTRICAL MACHINE
250
_a
2ND
260
_a
LONDON
_b
LONGMAN
_c
1967
300
_a
384P
942
_c
BK
999
_c
583244
_d
583244